000 00728nam a2200229 i 4500
001 181414
003 ES-MaACL
005 20231010123410.0
008 130114s2011 sp | |||||||| | spa d
080 _a821.134.2-31"19"
080 _a94(460)"1939/55"(0:82)
100 1 _aBarea, Arturo.
_925603
245 1 3 _aLa raíz rota /
_cArturo Barea.
260 _a[Madrid] :
_bDiario Público,
_cD.L. 2011.
300 _a393 p. ;
_c18 cm.
490 1 _aBiblioteca de la República
651 4 _aEspaña-
_xHistoria-
_y1939-1955-
_vNovelas.
_9152053
830 0 _aBiblioteca de la República
_9191447
852 _aES-MaACL
_jA-12417
_9188314
_bR.147206
_cDEPO1
_dOlim: N-5422
942 _2udc
_cMONOGRAFIA
999 _c181414
_d181414